Statistics for Countries that Produce the Most Sugar

Click here to take the quiz!

General Stats

  • This quiz has been taken 30 times
  • The average score is 18 of 24

Answer Stats

# TonnesCountry% Correct
37,300,000Brazil
96%
11,474,000China
96%
26,605,000India
96%
4,364,000Australia
93%
7,666,000United States
93%
10,024,000Thailand
89%
6,021,292Mexico
85%
2,378,765Colombia
81%
4,692,000France
81%
1,500,000Vietnam
81%
2,100,000Indonesia
78%
6,103,000Pakistan
74%
5,249,339Russia
74%
1,445,000United Kingdom
74%
2,192,000Argentina
70%
2,223,951Turkey
70%
1,640,000Cuba
67%
2,192,000South Africa
63%
2,321,000Philippines
56%
2,224,000Poland
56%
1,380,000Iran
52%
2,114,000Egypt
48%
2,262,000Ukraine
44%
2,734,400Guatemala
41%

Score Distribution

Percentile by Number Answered

Percent of People with Each Score

Your Score History

You have not taken this quiz